Hold On, We're Going Home - Drake (All Lyrics) - Statistics

General Stats
  • This quiz has been taken 266 times
  • The average score is 276 of 317
Answer Stats
Lyrics % Correct
a
99%
I
99%
on
99%
on,
99%
going
98%
(going
98%
hold
98%
home
98%
home)
98%
we're
98%
you
97%
just
96%
your
95%
and
94%
love
93%
everything
92%
my
92%
eyes
91%
girl
91%
girl,
91%
got
91%
me
91%
it
90%
know
89%
that
89%
you're
89%
good
88%
see
88%
emotion,
87%
so
87%
want
87%
can't
86%
over
85%
the
85%
be
84%
endlessly
84%
get
84%
'cause
82%
who
81%
exactly
80%
could
79%
around
78%
left
78%
act
77%
different
77%
hard
75%
mark
75%
to
75%
do
74%
hot
73%
things
72%
(things
72%
it's
71%
these
71%
alone
70%
alone)
70%
one
68%
oh,
61%
oh
61%
something,
56%
gave
55%
baby
52%
think
49%
high
46%
there's
43%
No matching quizzes found
Score Distribution
Percent of People with Each Score
Percentile by Number Answered
Your Score History
You have not taken this quiz